00923nam a22002177a 4500003000400000005001700004008004100021040001300062041000800075082001600083100020800099245009200307260004600399300005200445490003100497500005200528650004400580650004500624650001900669650001700688OSt20230922150739.0230922b ||||| |||| 00| 0 spa d cCO-MqBPB aspa a860.1bS34j aCarrasco de Samper, Genoveva.eBetancur Cuartas, Belisario, 1923-2018. Rojas Castro, Jorge, 1911-1995. Rojas Castro, Jorge, 1911-1995. Arciniegas, Germán, 1900-1999. Carvajal, Amparo Sinisterra de.  a Inauguración Casa de Poesía José Asunción Silva /cGenoveva Carrasco de Samper aBogotá : bCasa de Poesía Silvac1986 a 1 compact disc b(37 min.) digital, ; c12 cm. a Voces para el tiempo ; 1  aInauguración realizada el 30 de mayo de 1986. aCasa de Poesía Silva xInauguración a1986 Casas de la culturaxInauguración aColombiax1986 aCompact disc